000 00258nam a2200109Ia 4500
999 _c8849
_d8849
020 _a978-0130910134
100 _aKip R.Irvine
245 0 _aAssembly Language For Intel Based Computers
260 _aCanada
_bPrentice Hall
_c2015
300 _a384
942 _cBK